Význam regionálnych dohôd o voľnom obchode medzi EÚ a Kanadou a EÚ a USA na ekonomiky týchto subjektov, ako aj na vývoj svetového obchodu

Prínosy liberalizácie obchodu medzi EÚ, Kanadou a USA. Regionálna integrácia a nové prvky regionalizmu.

Guardado en:
Detalles Bibliográficos
Autor principal: Ružeková, Viera, 1957-
Formato: Capítulo de libro
Lenguaje:eslovaco
Materias:
Etiquetas: Agregar Etiqueta
Sin Etiquetas, Sea el primero en etiquetar este registro!

MARC

LEADER 00000naa a2200000 4500
001 0184819
005 20240502073153.4
041 0 |a slo 
044 |a SK 
245 1 0 |a Význam regionálnych dohôd o voľnom obchode medzi EÚ a Kanadou a EÚ a USA na ekonomiky týchto subjektov, ako aj na vývoj svetového obchodu  |c Viera Ružeková 
520 |a Prínosy liberalizácie obchodu medzi EÚ, Kanadou a USA. Regionálna integrácia a nové prvky regionalizmu. 
610 2 0 |a Európska únia 
610 2 0 |a obchod voľný 
610 2 0 |a USA 
610 2 0 |a Kanada 
610 2 0 |a liberalizácia 
610 2 0 |a obchod svetový 
610 2 0 |a integrácia ekonomická medzinárodná 
100 1 |a Ružeková, Viera, 1957-